| 000 | 00631 a2200229 4500 | ||
|---|---|---|---|
| 001 | 200002114 | ||
| 003 | TR-AnTOB | ||
| 005 | 20240729132638.0 | ||
| 008 | 101022s2002 fr 000 0 | ||
| 020 | _a2903841403 | ||
| 040 |
_aTR-AnTOB _cTR-AnTOB |
||
| 041 |
_afre _aara |
||
| 050 | _aPC2066 | ||
| 099 | _aPCF SKI GRA MEG 2002 | ||
| 245 | 0 |
_aLe français facile : _bcours de grammaire et exercices / _cSamir Mégally. |
|
| 264 | 1 |
_aParis : _bS. Megally, _c2002. |
|
| 300 |
_a258 s.; _c20 cm. |
||
| 650 | 0 |
_aFrench language _xStudy and teaching _970880 |
|
| 650 | 0 |
_aFrench language _xGrammar _970881 |
|
| 942 |
_cBK _2lcc |
||
| 999 |
_c200002114 _d29393 |
||